Bandeiras de Países com a Maior Quantidade de Vermelho - Statistics

Estatísticas Gerais
  • Esse quiz foi jogado 11 155 vezes
  • A pontuação média é 12 de 15
Estatísticas das Respostas
Imagem Hint Resposta % Correto
97.6% China
100%
80.1% Suíça
98%
93.8% Turquia
98%
98.3% Marrocos
94%
76.0% Dinamarca
91%
87.4% Albânia
90%
90.4% Tunísia
89%
93.2% Vietname
88%
80.0% Letónia
74%
75.0% Taiwan
74%
77.1% Montenegro
73%
92.0% Quirguistão
62%
75.0% Timor Leste
56%
82.9% Tonga
56%
75.0% Samoa
53%
Nenhum quiz correspondente encontrado
Distribuição das Pontuações
Porcentagem de Pessoas com Cada Pontuação
Percentil de Números Respondidos
Sua Pontuação Histórica
Você não jogou esse quiz